[Event "Ciocaltea Memorial"]
[Site "Bucharest"]
[Date "2007.03.06"]
[Round "?"]
[White "Ivanov, Alexey"]
[Black "Grigore, George Gabriel"]
[Result "0-1"]
[WhiteElo "2462"]
[BlackElo "2496"]
[PlyCount "63"]
[EventDate "2007.03.06"]
[EventType "tourn"]
[EventRounds "13"]
[EventCountry "ROU"]
[EventCategory "10"]
[SourceTitle "CBM 117 Extra"]
[Source "ChessBase"]
[SourceDate "2007.05.09"]
[SourceVersion "1"]
[SourceVersionDate "2007.05.09"]
[SourceQuality "1"]

1. Nc3 c5 2. Nf3 Nc6 3. d4 cxd4 4. Nxd4 d6 5. Bg5 Qa5 6. Bh4 g6 7. Nxc6 bxc6 8. Qd4 f6 9. e4 Be6 10. Be2 Bg7 11. f4 Nh6 12. b4 Qb6 13. Bf2 Qxd4 14. Bxd4 a5 15. b5 cxb5 16. Nxb5 Rc8 17. Kd2 Kf7 18. Na7 Rc7 19. f5 gxf5 20. Bh5+ Kg8 21. Rab1 fxe4 22. Rb8+ Bf8 23. Nb5 Rc8 24. Rb7 Nf5 25. Bb6 Bh6+ 26. Kd1 Bd5 27. Ra7 Rb8 28. Nc3 Rxb6 29. Nxd5 Rb1+ 30. Ke2 Rxh1 31. Bg4 Nd4+ 32. Kf2 0-1

[Event "Ciocaltea Memorial"]
[Site "Bucharest"]
[Date "2007.03.06"]
[Round "?"]
[White "Ivanov, Alexey"]
[Black "Shishkin, Vadim"]
[Result "0-1"]
[WhiteElo "2462"]
[BlackElo "2474"]
[PlyCount "130"]
[EventDate "2007.03.06"]
[EventType "tourn"]
[EventRounds "13"]
[EventCountry "ROU"]
[EventCategory "10"]
[SourceTitle "CBM 117 Extra"]
[Source "ChessBase"]
[SourceDate "2007.05.09"]
[SourceVersion "1"]
[SourceVersionDate "2007.05.09"]
[SourceQuality "1"]

1. e4 c5 2. Nf3 Nc6 3. d4 cxd4 4. Nxd4 Nf6 5. Nc3 d6 6. Bg5 Qb6 7. Nb3 e6 8. Qd2 Be7 9. 0-0-0 0-0 10. f3 a6 11. g4 Rd8 12. Be3 Qc7 13. g5 Nd7 14. h4 b5 15. g6 fxg6 16. h5 gxh5 17. Rxh5 Nf6 18. Rh1 b4 19. Na4 Rb8 20. f4 Na5 21. Qh2 Bd7 22. Nb6 Nxb3+ 23. axb3 Bc6 24. Qh3 Bxe4 25. Qxe6+ Kh8 26. Bd3 Qb7 27. Rhg1 Re8 28. Bd4 Bf8 29. Qh3 Bxd3 30. Rxd3 Qe4 31. Kb1 Rb7 32. Bxf6 Rxb6 33. Rdg3 Rb5 34. Qf1 Rc8 35. R1g2 Rb7 36. Qg1 Rbc7 37. Re3 Qf5 38. Bd4 Rb7 39. Reg3 Rcc7 40. Re3 Rc8 41. Reg3 Rcc7 42. Re3 Re7 43. Reg3 Rbc7 44. Rg5 Qe4 45. f5 Qe1+ 46. Qxe1 Rxe1+ 47. Ka2 Re4 48. c3 Kg8 49. Bxg7 Rxg7 50. Rxg7+ Bxg7 51. f6 h5 52. Rxg7+ Kf8 53. Rh7 h4 54. f7 d5 55. Kb1 a5 56. Kc2 Re2+ 57. Kb1 Rh2 58. Kc1 Rh1+ 59. Kc2 h3 60. Rh4 h2 61. cxb4 axb4 62. Rh7 Ke7 63. Rh3 Kxf7 64. Rf3+ Kg6 65. Rh3 d4 0-1

[Event "Ciocaltea Memorial"]
[Site "Bucharest"]
[Date "2007.03.06"]
[Round "?"]
[White "Lupulescu, Constantin"]
[Black "Ivanov, Alexey"]
[Result "1-0"]
[WhiteElo "2566"]
[BlackElo "2462"]
[PlyCount "63"]
[EventDate "2007.03.06"]
[EventType "tourn"]
[EventRounds "13"]
[EventCountry "ROU"]
[EventCategory "10"]
[SourceTitle "CBM 117 Extra"]
[Source "ChessBase"]
[SourceDate "2007.05.09"]
[SourceVersion "1"]
[SourceVersionDate "2007.05.09"]
[SourceQuality "1"]

1. e4 c5 2. Nf3 d6 3. d4 cxd4 4. Nxd4 Nf6 5. Nc3 Nc6 6. Bg5 e6 7. Qd2 a6 8. 0-0-0 Nxd4 9. Qxd4 Be7 10. f3 b5 11. g4 Qc7 12. h4 Bb7 13. Qd2 Rc8 14. Bd3 b4 15. Ne2 d5 16. Bxf6 gxf6 17. Kb1 dxe4 18. fxe4 Qe5 19. Nd4 Rd8 20. Nf3 Qg3 21. Qe3 Qxg4 22. h5 Bd6 23. Rh4 Qg7 24. Qb6 Qg2 25. Nd2 Bc8 26. Nc4 Bg3 27. Rhh1 Qf2 28. Qxb4 Qa7 29. Rhf1 Qe7 30. Qc3 Bh4 31. e5 fxe5 32. Nxe5 1-0

[Event "St Petersburg CYSS-2 IM"]
[Site "St Petersburg"]
[Date "2006.10.06"]
[Round "9"]
[White "Ivanov, Alexey"]
[Black "Bronnikova, Elizaveta"]
[Result "1-0"]
[WhiteElo "2408"]
[BlackElo "2243"]
[PlyCount "89"]
[EventDate "2006.09.29"]
[EventType "tourn"]
[EventRounds "11"]
[EventCountry "RUS"]
[EventCategory "2"]
[SourceTitle "EXT 2022"]
[Source "ChessBase"]
[SourceDate "2021.10.06"]
[SourceVersion "1"]
[SourceVersionDate "2021.10.06"]
[SourceQuality "1"]

1. e4 d6 2. d4 Nf6 3. Nc3 g6 4. f4 Bg7 5. Nf3 c5 6. dxc5 Qa5 7. Bd3 Qxc5 8. Qe2 0-0 9. Be3 Qa5 10. 0-0 Nc6 11. a3 Bg4 12. h3 Bxf3 13. Qxf3 Nd7 14. Bd2 Qb6+ 15. Kh1 Nc5 16. Rab1 Nxd3 17. Qxd3 Qd4 18. Qe2 f5 19. exf5 gxf5 20. Rf3 Qf6 21. Rg3 Nd4 22. Qc4+ Kh8 23. Nd5 Qf7 24. Rxg7 Qxg7 25. Nxe7 d5 26. Qd3 Qxe7 27. Bc3 h6 28. Qxd4+ Kh7 29. Re1 Qf7 30. Re5 Rg8 31. Qd3 Raf8 32. Rxd5 Qg6 33. Rd7+ Rf7 34. Qd5 Rgf8 35. Rd6 Qh5 36. Kh2 b6 37. Bd4 Qh4 38. Be5 Re7 39. Qd3 Ref7 40. c4 Rg8 41. Rd7 Qh5 42. g4 Qg6 43. Rd6 Qxd6 44. Qxd6 fxg4 45. Qd3+ 1-0

[Event "St Petersburg CYSS-2 IM"]
[Site "St Petersburg"]
[Date "2006.10.04"]
[Round "7"]
[White "Ivanov, Alexey"]
[Black "Borisova, Elizaveta"]
[Result "1/2-1/2"]
[WhiteElo "2408"]
[BlackElo "2158"]
[PlyCount "106"]
[EventDate "2006.09.29"]
[EventType "tourn"]
[EventRounds "11"]
[EventCountry "RUS"]
[EventCategory "2"]
[SourceTitle "EXT 2022"]
[Source "ChessBase"]
[SourceDate "2021.10.06"]
[SourceVersion "1"]
[SourceVersionDate "2021.10.06"]
[SourceQuality "1"]

1. e4 c5 2. Nf3 d6 3. d4 cxd4 4. Nxd4 Nf6 5. Nc3 g6 6. Be3 Bg7 7. f3 0-0 8. Qd2 Nc6 9. Bc4 Bd7 10. 0-0-0 Rc8 11. Bb3 Nxd4 12. Bxd4 b5 13. Nd5 Nxd5 14. Bxg7 Kxg7 15. exd5 a5 16. a3 b4 17. axb4 axb4 18. Qxb4 Kg8 19. Rhe1 Re8 20. Rd3 Rb8 21. Qd2 Qb6 22. Kd1 Bb5 23. Rc3 Ra8 24. Qe3 Ra1+ 25. Kd2 Qa6 26. h4 Rxe1 27. Qxe1 Qa7 28. Re3 Qd4+ 29. Kc1 Ra8 30. Kb1 Qa7 31. c4 Bd7 32. g4 Re8 33. Qc3 Ra8 34. Re1 h5 35. Qe3 hxg4 36. fxg4 Bxg4 37. Qxa7 Rxa7 38. Kc2 Kg7 39. Kc3 Kh6 40. Bc2 Kh5 41. Rh1 Rc7 42. b4 Bf3 43. Bd1 Bxd1 44. Rxd1 Kxh4 45. Rh1+ Kg4 46. b5 f5 47. Rg1+ Kh5 48. Rh1+ Kg4 49. Kd4 g5 50. b6 Rb7 51. c5 dxc5+ 52. Kxc5 f4 53. Kc6 Rb8 1/2-1/2

[Event "St Petersburg CYSS-2 IM"]
[Site "St Petersburg"]
[Date "2006.10.03"]
[Round "6"]
[White "Pogosian, Vladimir"]
[Black "Ivanov, Alexey"]
[Result "0-1"]
[WhiteElo "2241"]
[BlackElo "2408"]
[PlyCount "88"]
[EventDate "2006.09.29"]
[EventType "tourn"]
[EventRounds "11"]
[EventCountry "RUS"]
[EventCategory "2"]
[SourceTitle "EXT 2022"]
[Source "ChessBase"]
[SourceDate "2021.10.06"]
[SourceVersion "1"]
[SourceVersionDate "2021.10.06"]
[SourceQuality "1"]

1. f4 d5 2. Nf3 c5 3. g3 g6 4. Bg2 Bg7 5. d3 Nf6 6. 0-0 Nc6 7. Nc3 d4 8. Ne4 Nxe4 9. dxe4 0-0 10. Kh1 Qb6 11. h3 c4 12. g4 Rd8 13. a3 d3 14. exd3 cxd3 15. c3 Na5 16. Nd2 Be6 17. f5 Bb3 18. Qf3 g5 19. Nxb3 Nxb3 20. Be3 Qd6 21. Rad1 h6 22. Qf2 a5 23. h4 Bf6 24. Bf3 Kg7 25. Kg2 Qe5 26. Rh1 d2 27. Rh3 Ra6 28. Qf1 gxh4 29. a4 Rad6 30. Bg1 Rd3 31. Qf2 Qc7 32. Bh2 Qc5 33. Qxc5 Nxc5 34. Bc7 R8d7 35. e5 Bg5 36. Bxa5 Nxa4 37. e6 fxe6 38. fxe6 R7d6 39. Bb4 Rxe6 40. Ba3 Re1 41. Rh1 h3+ 42. Kg3 Ree3 43. Rdf1 d1Q 44. Rxd1 Rxf3+ 0-1

[Event "Chigorin Memorial 12th"]
[Site "St Petersburg"]
[Date "2004.10.17"]
[Round "2"]
[White "Yemelin, Vasily"]
[Black "Ivanov, Alexey"]
[Result "1/2-1/2"]
[WhiteElo "2571"]
[BlackElo "2281"]
[PlyCount "33"]
[EventDate "2004.10.16"]
[EventType "swiss"]
[EventRounds "9"]
[EventCountry "RUS"]
[SourceTitle "EXT 2005"]
[Source "ChessBase"]
[SourceDate "2004.11.15"]
[SourceVersion "1"]
[SourceVersionDate "2004.11.15"]
[SourceQuality "1"]

1. d4 Nf6 2. c4 e6 3. Nc3 d5 4. cxd5 exd5 5. Bg5 Be7 6. e3 0-0 7. Bd3 Nbd7 8. Nge2 Re8 9. 0-0 c6 10. a3 Ne4 11. Bf4 Ndf6 12. f3 Nxc3 13. bxc3 Nh5 14. e4 Nxf4 15. Nxf4 Bg5 16. Nh5 Be3+ 17. Kh1 1/2-1/2

[Event "St Petersburg White Nights op2"]
[Site "St Petersburg"]
[Date "2002.??.??"]
[Round "4"]
[White "Nikolaev, Vadim S"]
[Black "Ivanov, Alexey"]
[Result "1/2-1/2"]
[WhiteElo "2215"]
[BlackElo "2462"]
[PlyCount "90"]
[EventDate "2002.??.??"]
[EventType "swiss"]
[EventRounds "9"]
[EventCountry "RUS"]
[SourceTitle "EXT 2003"]
[Source "ChessBase"]
[SourceDate "2002.11.25"]
[SourceVersion "1"]
[SourceVersionDate "2002.11.25"]
[SourceQuality "1"]

1. e4 c5 2. Nf3 d6 3. d4 cxd4 4. Nxd4 Nf6 5. Nc3 Nc6 6. Bg5 e6 7. Qd3 a6 8. 0-0-0 Bd7 9. f4 Be7 10. Nb3 Qc7 11. Be2 0-0-0 12. Bh4 d5 13. e5 Nh5 14. Bxh5 Bxh4 15. Qh3 g6 16. Qxh4 gxh5 17. Qxh5 f6 18. Rhe1 fxe5 19. fxe5 Rdg8 20. g3 h6 21. Nd4 Rg5 22. Qf7 Nxd4 23. Qf6 Qd8 24. Qxd8+ Kxd8 25. Rxd4 Rf8 26. Rf4 Rxf4 27. gxf4 Rg2 28. Re2 Rg1+ 29. Kd2 Be8 30. Rf2 Bg6 31. Ne2 Rb1 32. Kc3 Ke7 33. Nd4 Be4 34. f5 exf5 35. Nxf5+ Ke6 36. Nxh6 Kxe5 37. Nf7+ Ke6 38. b3 Rh1 39. Kd4 Rd1+ 40. Kc5 Rc1 41. c4 b5 42. Nd6 bxc4 43. bxc4 Bd3 44. Rf3 Bxc4 45. Re3+ Kd7 1/2-1/2

[Event "St Petersburg White Nights op2"]
[Site "St Petersburg"]
[Date "2002.??.??"]
[Round "1"]
[White "Shister, Elena"]
[Black "Ivanov, Alexey"]
[Result "1/2-1/2"]
[WhiteElo "2062"]
[BlackElo "2462"]
[PlyCount "110"]
[EventDate "2002.??.??"]
[EventType "swiss"]
[EventRounds "9"]
[EventCountry "RUS"]
[SourceTitle "EXT 2003"]
[Source "ChessBase"]
[SourceDate "2002.11.25"]
[SourceVersion "1"]
[SourceVersionDate "2002.11.25"]
[SourceQuality "1"]

1. d4 d5 2. c4 e6 3. Nc3 Nf6 4. Nf3 Be7 5. Bg5 h6 6. Bh4 0-0 7. e3 b6 8. Rc1 Bb7 9. Bd3 Nbd7 10. 0-0 c5 11. Qe2 Rc8 12. Rfd1 Ne4 13. Bxe7 Qxe7 14. a3 Ng5 15. cxd5 exd5 16. Bf5 Rcd8 17. Nxg5 hxg5 18. g3 Nf6 19. Bh3 Rfe8 20. Bg2 c4 21. Re1 a6 22. a4 Qd7 23. Rcd1 b5 24. axb5 axb5 25. Ra1 Ra8 26. b3 b4 27. Na4 Qc6 28. Nc5 c3 29. Qc2 Nd7 30. Na4 g6 31. e4 dxe4 32. d5 Qxd5 33. Rad1 Qc6 34. Rd4 Nf6 35. Rxb4 Rad8 36. Rc4 Qe6 37. Rxc3 Bd5 38. Nc5 Qe5 39. h3 g4 40. h4 Kg7 41. Rce3 Rc8 42. b4 Re7 43. Qb1 Rce8 44. Rc1 Qd4 45. Rd1 Qe5 46. b5 Rb8 47. Qb4 Bc6 48. b6 Nd5 49. Rxd5 Bxd5 50. Nxe4 Bxe4 51. Bxe4 Rd7 52. b7 Rd1+ 53. Kh2 Qf6 54. Qc3 Rd4 55. Kg2 Rd7 1/2-1/2

[Event "BCF-chT 9697 (4NCL)"]
[Site "England"]
[Date "1997.02.22"]
[Round "7.2"]
[White "Ivanov, Alexey"]
[Black "Bowden, Karl"]
[Result "1-0"]
[WhiteElo "2430"]
[BlackElo "2355"]
[PlyCount "89"]
[EventDate "1996.10.??"]
[EventType "team"]
[EventRounds "12"]
[EventCountry "ENG"]
[SourceTitle "EXT 1999"]
[Source "ChessBase"]
[SourceDate "1998.11.16"]
[SourceVersion "1"]
[SourceVersionDate "1998.11.16"]
[SourceQuality "1"]
[WhiteTeam "Invicta Knights Maidstone"]
[BlackTeam "Barbican"]
[WhiteTeamCountry "ENG"]
[BlackTeamCountry "ENG"]

1. e4 e6 2. d4 d5 3. Nc3 Bb4 4. Qd3 Nf6 5. e5 Ne4 6. Nge2 c5 7. a3 Bxc3+ 8. Nxc3 Nc6 9. Nxe4 dxe4 10. Qxe4 Qxd4 11. Qxd4 Nxd4 12. Bd3 Bd7 13. Be3 Bc6 14. c3 Bxg2 15. Rg1 Nf3+ 16. Ke2 Nxg1+ 17. Rxg1 Bc6 18. Rxg7 0-0-0 19. Bxc5 Bf3+ 20. Kxf3 Rxd3+ 21. Ke4 Rd7 22. Bxa7 Kc7 23. Bd4 Kc6 24. h4 Kb5 25. b3 Kc6 26. a4 b6 27. f4 Ra8 28. f5 Rh8 29. h5 Rb7 30. h6 Rc7 31. Kf4 Rb7 32. Kg5 exf5 33. Kxf5 Kd5 34. Kf6 Re8 35. Rxh7 Re6+ 36. Kf5 Rb8 37. Rxf7 Rxh6 38. Rf6 Rh5+ 39. Kg6 Rbh8 40. Rd6+ Ke4 41. e6 R8h6+ 42. Kf7 Rh7+ 43. Kg8 Kf5 44. Rd7 R7h6 45. e7 1-0

[Event "BCF-chT 9697 (4NCL)"]
[Site "England"]
[Date "1997.??.??"]
[Round "12.5"]
[White "Ivanov, Alexey"]
[Black "Friedgood, David"]
[Result "1-0"]
[WhiteElo "2430"]
[BlackElo "2270"]
[PlyCount "71"]
[EventDate "1996.10.??"]
[EventType "team"]
[EventRounds "12"]
[EventCountry "ENG"]
[SourceTitle "EXT 1999"]
[Source "ChessBase"]
[SourceDate "1998.11.16"]
[SourceVersion "1"]
[SourceVersionDate "1998.11.16"]
[SourceQuality "1"]
[WhiteTeam "Invicta Knights Maidstone"]
[BlackTeam "BCM"]
[WhiteTeamCountry "ENG"]
[BlackTeamCountry "ENG"]

1. e4 c5 2. Nf3 Nc6 3. Bb5 g6 4. 0-0 Bg7 5. Bxc6 bxc6 6. c3 d5 7. e5 Bg4 8. Re1 Nh6 9. h3 Bxf3 10. Qxf3 0-0 11. d3 f6 12. exf6 exf6 13. Nd2 Nf7 14. Nb3 Ne5 15. Qg3 Re8 16. Bf4 Nxd3 17. Qxd3 c4 18. Qd2 cxb3 19. Rxe8+ Qxe8 20. axb3 a5 21. Bc7 Qd7 22. Rxa5 Rxa5 23. Bxa5 f5 24. Bb6 Qb7 25. Qe3 Kf7 26. Bc5 Bf8 27. Bxf8 Kxf8 28. b4 Qa6 29. Kh2 Kf7 30. h4 Qc4 31. Qd4 Qxd4 32. cxd4 f4 33. Kh3 h5 34. g4 Ke6 35. gxh5 gxh5 36. Kg2 1-0

[Event "EU-Cup 11th Group4"]
[Site "Tyniste"]
[Date "1995.07.16"]
[Round "2"]
[White "Ivanov, Alexey"]
[Black "Liss, Eran"]
[Result "0-1"]
[WhiteElo "2435"]
[BlackElo "2480"]
[PlyCount "50"]
[EventDate "1995.07.15"]
[EventType "team-k.o."]
[EventRounds "3"]
[EventCountry "CZE"]
[SourceTitle "EXT 2020"]
[Source "ChessBase"]
[SourceDate "2019.10.17"]
[SourceVersion "1"]
[SourceVersionDate "2019.10.17"]
[SourceQuality "1"]
[WhiteTeam "Invicta Knights Maidstone"]
[BlackTeam "Rishon Le Zion Hapoel"]
[WhiteTeamCountry "ENG"]
[BlackTeamCountry "ISR"]

1. e4 e5 2. Nf3 Nc6 3. Nc3 Nf6 4. d4 exd4 5. Nxd4 Bb4 6. Nxc6 bxc6 7. Bd3 d5 8. exd5 cxd5 9. 0-0 0-0 10. Bg5 c6 11. Ne2 h6 12. Bh4 Bd6 13. Nd4 c5 14. Nf5 Bxf5 15. Bxf5 Rb8 16. Rb1 Rb4 17. Bg3 Bxg3 18. hxg3 Qb8 19. b3 Qe5 20. Qf3 g6 21. c3 Rb6 22. Bc2 Re8 23. b4 Qg5 24. Rfd1 Ng4 25. Qxd5 Re1+ 0-1

[Event "Hospitalet op"]
[Site "Sitges"]
[Date "1993.??.??"]
[Round "3"]
[White "Arbouche, Muhamed"]
[Black "Ivanov, Alexey"]
[Result "0-1"]
[WhiteElo "2260"]
[BlackElo "2475"]
[PlyCount "98"]
[EventDate "1993.07.??"]
[EventType "swiss"]
[EventRounds "9"]
[EventCountry "ESP"]
[SourceTitle "EXT 1998"]
[Source "ChessBase"]
[SourceDate "1997.11.17"]
[SourceVersion "1"]
[SourceVersionDate "1997.11.17"]
[SourceQuality "1"]

1. Nf3 d5 2. g3 Nc6 3. d4 Bg4 4. Bg2 Qd7 5. h3 Bxf3 6. Bxf3 h5 7. e3 h4 8. g4 0-0-0 9. c4 dxc4 10. Qa4 Ne5 11. Qxd7+ Nxd7 12. Na3 Nb6 13. Be2 e5 14. Nxc4 Bb4+ 15. Kf1 Nxc4 16. Bxc4 exd4 17. exd4 f6 18. Be3 Ne7 19. Rd1 Nd5 20. Ke2 Rhe8 21. Kf3 c6 22. a3 Ba5 23. b4 Bc7 24. Rc1 a6 25. Bxd5 Rxd5 26. Rc5 Red8 27. Rxd5 Rxd5 28. Ke4 a5 29. f4 axb4 30. axb4 Bd6 31. Bd2 Rb5 32. Rb1 g6 33. Kd3 Rb6 34. Kc4 Ra6 35. Kb3 Kd7 36. Re1 Ra8 37. Kb2 f5 38. gxf5 gxf5 39. Rg1 Ke6 40. Rg6+ Kd5 41. Rh6 Rg8 42. Rxh4 Rg2 43. Kc1 Kc4 44. Rh7 Kd3 45. Rd7 Bf8 46. Rd8 Bg7 47. Re8 Rxd2 48. Re7 Bxd4 49. Rxb7 Ra2 0-1

[Event "Sitges op"]
[Site "Sitges"]
[Date "1993.??.??"]
[Round "4"]
[White "Fernandez Bravo, Ciro Angel"]
[Black "Ivanov, Alexey"]
[Result "0-1"]
[WhiteElo "2290"]
[BlackElo "2475"]
[PlyCount "70"]
[EventDate "1993.07.??"]
[EventType "swiss"]
[EventRounds "9"]
[EventCountry "ESP"]
[SourceTitle "EXT 1997"]
[Source "ChessBase"]
[SourceDate "1996.11.15"]
[SourceVersion "1"]
[SourceVersionDate "1996.11.15"]
[SourceQuality "1"]

1. c4 e5 2. Nc3 Bb4 3. g3 Ne7 4. Bg2 0-0 5. Nf3 d6 6. 0-0 Bxc3 7. bxc3 Nbc6 8. Rb1 f5 9. d3 Qe8 10. Qa4 Qh5 11. c5 f4 12. cxd6 cxd6 13. d4 e4 14. d5 exf3 15. Bxf3 Qg6 16. dxc6 Qxb1 17. Bxf4 Qb6 18. Bxd6 Rxf3 19. exf3 Qxc6 20. Qb3+ Nd5 21. c4 Qxd6 22. Rd1 Qb6 23. Rxd5 Bh3 24. Qd1 Re8 25. g4 Qe6 26. Rd8 Kf7 27. Rd7+ Re7 28. Rxe7+ Kxe7 29. Qc1 Kd7 30. Qd2+ Kc8 31. Qb4 Qf6 32. Qe1 Qxf3 33. Qe8+ Kc7 34. Qe5+ Kc6 35. Qb5+ Kd6 0-1

[Event "Hospitalet op"]
[Site "Sitges"]
[Date "1993.??.??"]
[Round "6"]
[White "Ivanov, Alexey"]
[Black "Castillo, Jose"]
[Result "1-0"]
[WhiteElo "2475"]
[BlackElo "2285"]
[PlyCount "69"]
[EventDate "1993.07.??"]
[EventType "swiss"]
[EventRounds "9"]
[EventCountry "ESP"]
[SourceTitle "EXT 1998"]
[Source "ChessBase"]
[SourceDate "1997.11.17"]
[SourceVersion "1"]
[SourceVersionDate "1997.11.17"]
[SourceQuality "1"]

1. e4 e6 2. d4 d5 3. Nc3 Bb4 4. Qd3 dxe4 5. Qxe4 Nf6 6. Qh4 Nbd7 7. Nf3 Nd5 8. Bg5 Be7 9. Bxe7 Qxe7 10. Qg3 0-0 11. Bd3 N7f6 12. 0-0 Nxc3 13. bxc3 b6 14. Qh4 h6 15. Ne5 Bb7 16. Rae1 Qd8 17. Ng4 Nxg4 18. Qxg4 Re8 19. f4 Qf6 20. Re5 Re7 21. Bc4 Rae8 22. f5 Qg5 23. Qxg5 hxg5 24. fxe6 f6 25. Re3 c6 26. Bd3 Bc8 27. Rfe1 Rd8 28. Bg6 Rd6 29. Bf7+ Kf8 30. c4 Rxd4 31. Rh3 Rh4 32. Rd3 Rc7 33. Rd8+ Ke7 34. Re8+ Kd6 35. e7 1-0